| 000 | 00491nam a2200181Ia 4500 | ||
|---|---|---|---|
| 003 | LK-CoDNM | ||
| 008 | 010623t2000 xxu||||| |||| 00| 1 sin d | ||
| 040 |
_aLK-CoDNM _dLK-CoDNM _eLK-CoDNM |
||
| 041 | _asin | ||
| 080 |
_a801.5 _bDIS |
||
| 100 | _aDisanayaka, J.B. | ||
| 245 | _aපද සාධනය-බසක මහිම 5 | ||
| 246 | _aPada sadanaya : basaka mahima-5 | ||
| 260 |
_bS.Godage _aColombo _c2000 |
||
| 300 | _b63, 22 cm | ||
| 650 | _aLanguage Linguisties | ||
| 942 | _cBK | ||
| 999 |
_c120432 _d120432 |
||